| 000 | 00913nam a22002057a 4500 | ||
|---|---|---|---|
| 003 | OSt | ||
| 005 | 20250918180728.0 | ||
| 008 | 240401b ||||| |||| 00| 0 eng d | ||
| 040 | _c0 | ||
| 082 | _aDPer 621.381 In821 September 2022 v. 37 n. 9 | ||
| 100 |
_aChew, Zheng Jun. _eauthor. _955651 |
||
| 245 |
_aSelf-powered and self-configurable active rectifier using low voltage controller for wide output range energy harvesters / _cZheng Jun Chew, Yang Kuang, and Meiling Zhu. |
||
| 260 |
_aNew York ; _bThe Institute of Electrical and Electronics Engineers, Inc. , _cSeptember 2022. |
||
| 300 |
_aVolume 37, pages 11285-11295 : _billustration ; _c28 cm. |
||
| 500 | _aIEEE Transitions on Power Electronics, v. 37 n. 9, pages 11285-11295, September 2022. | ||
| 700 |
_aChew, Zheng Jun. _eauthor. _955651 |
||
| 700 |
_aKuang, Yang. _eauthor. _955652 |
||
| 700 |
_aZhu, Meiling. _eauthor. _955653 |
||
| 942 |
_2ddc _cPER |
||
| 999 |
_c19924 _d19924 |
||